000
00327nam a22001457a 4500
020
_a
978-93-82515-79-1
082
_a
894.812.1
_b
PON/H
100
_a
PONNANI, IBRAHIM
245
_a
111 BALAKAVITHAKAL
260
_a
THRISSUR
_b
H & C PUBLISHING HOUSE
_c
2012
300
_a
96
520
_a
POETRY
650
_a
POETRY
942
_c
BK
999
_c
4426
_d
4426